000 00190nam a2200085 4500
001 1254788
005 20251125103510.0
245 _aBENİM DÜNYALARIM
_cNURSEL SAYGINER
260 _bBU YAYIN EVİ
999 _c1254788
_d1254788